| 000 | 00477nam a2200169Ia 4500 | ||
|---|---|---|---|
| 005 | 20240830061924.0 | ||
| 008 | 240331s9999 xx 000 0 und d | ||
| 082 | _bOBE | ||
| 100 | _aObeyesekere, R | ||
| 245 | 0 |
_aSri Lankan theatre in a time of terror : _bPolitical Satire in a permitted space |
|
| 260 |
_aColombo _bCharles Subasinghe & sons ( Pvt) Ltd _c1999 |
||
| 300 | _a208 p ., | ||
| 650 | _aBuddhism | ||
| 650 | _aLiteracy | ||
| 650 | _aPolitical Science | ||
| 942 | _cL | ||
| 999 |
_c3102 _d3102 |
||